Culture Générale - Série 2595 - Statistiques

Statistiques générales
  • Ce quiz a été pris 77 fois
  • Le résultat moyen est 4 sur 10
Statistiques - réponses
Question Réponse % Correct
Dans quelle ville italienne se trouve la célèbre Villa Médicis ? Rome
79%
En quelle année Mark Zuckerberg a-t-il créé le réseau social Facebook ? 2004
69%
Quelle autre langue que le français Jean-Marc Ayrault parle-t-il couramment ? allemand
63%
Dans quelle ville de l'ouest de la France trouve-t-on le port de plaisance ultramoderne appelé "Les Minimes" ? La Rochelle
49%
Dans quel pays Alain Juppé s'est-il exilé en 2005, à la suite d'une inégibilité prononcée par une décision de justice ? Canada
40%
Quel comédien français a obtenu le César du meilleur acteur en 2006 pour son rôle dans le film "La loi du marché" ? prénom et nom Vincent Lindon
35%
Quel Premier ministre (1930-2016) a le plus utilisé l'article 49-3 de notre Constitution ? prénom et nom Michel Rocard
26%
Dans la mythologie grecque, comment s'appelle la muse de la musique ? Euterpe
15%
Qui a écrit "La jangada" en 1881 et "L'étoile du sud" en 1884 ? prénom et nom Jules Verne
12%
Mollusque creusant des galeries dans le bois immergé de la coque des bateaux - 5 lettres commençant par " t " taret
1%
Aucun quiz correspondant
Distribution des résultats
% des personnes avec chaque résultat
Percentile par nombre de réponses
Votre historique - résultats
Vous n’avez pas pris ce quiz